Leasingová smlouva tuzemská i mezinárodní
Saved in:
| Main Author: | |
|---|---|
| Format: | Book |
| Language: | Czech |
| Published: |
Praha
LINDE nakladatelství s.r.o.
2003
|
| Subjects: | |
| Tags: |
No Tags, Be the first to tag this record!
|
MARC
| LEADER | 00000nam$a2200000$$$4500 | ||
|---|---|---|---|
| 001 | 0054496 | ||
| 005 | 20240313133131.2 | ||
| 020 | |a 80-86131-47-5 | ||
| 041 | 0 | |a cze | |
| 044 | |a CZ | ||
| 245 | 1 | 0 | |a Leasingová smlouva |b tuzemská i mezinárodní |c Martin Doubrava |
| 264 | 1 | |a Praha |b LINDE nakladatelství s.r.o. |c 2003 | |
| 300 | |a 93 s. | ||
| 610 | 2 | 0 | |a lízing |
| 610 | 2 | 0 | |a zmluvy |
| 610 | 2 | 0 | |a zmluvy medzinárodné |
| 610 | 2 | 0 | |a ukazovatele |
| 610 | 2 | 0 | |a úpravy právne |
| 610 | 2 | 0 | |a lízing finančný |
| 610 | 2 | 0 | |a styk zahraničnoobchodný |
| 610 | 2 | 0 | |a porovnanie medzinárodné |
| 610 | 2 | 0 | |a Česko |
| 610 | 2 | 0 | |a Európa |
| 100 | 1 | |a Doubrava, Martin | |